Bulletin pre cestovný ruch
Guardado en:
| Formato: | Seriadas |
|---|---|
| Lenguaje: | eslovaco |
| Publicado: |
Bratislava
Ministerstvo hospodárstva SR
1999
|
| Materias: | |
| Etiquetas: |
Sin Etiquetas, Sea el primero en etiquetar este registro!
|
MARC
| LEADER | 00000nas2a2200000 4500 | ||
|---|---|---|---|
| 001 | s123822 | ||
| 005 | 20231103122527.6 | ||
| 041 | 0 | |a slo | |
| 044 | |a SK | ||
| 245 | 1 | 0 | |a Bulletin pre cestovný ruch |
| 264 | 1 | |a Bratislava |b Ministerstvo hospodárstva SR |c 1999 | |
| 300 | |a 1 zv. | ||
| 773 | 0 | |w eu_un_cat*s121226 | |
| 610 | 2 | 0 | |a ruch cestovný |
| 610 | 2 | 0 | |a Slovensko |